| 000 | 00343nam a2200121Ia 4500 | ||
|---|---|---|---|
| 008 | 230907s9999||||xx |||||||||||||| ||und|| | ||
| 082 | _a621.38152 | ||
| 245 | 0 | _aHandbook of thin film materials / | |
| 260 |
_aAcademic Press, _bSan Diego : _c2002 |
||
| 300 | _a5 v.; various pages. : | ||
| 650 |
_aHandbooks, manuals, etc. _911475 |
||
| 942 | _cBK | ||
| 999 |
_c600056 _d600056 |
||